01022 a2200121 4500003000500000005001700005040000900022082001400031245009200045300001000137505071600147650003700863Nust20230208095904.0 cNust a954.1,REP aReoprt of the Constitution Commission Pakistan / cConstitution Commission Of Pakistan a177:p aIntroductory (Page-1), Causes of the Failure the Parliamentary From of Government (Page-5), From of Government Parliamentary or Presidential (Page-19), From of Government – Unitary or Federal (Page-32), Legislature – Unicameral or Bicameral (Page-45), Chocks and Balances (Page-52), The Electorate (Page-64), Provision Regarding the President and the Vice –President (Page-82), The Judiciary (Page-87), Fundamental Rights and Directive Principles (Page-101), Services (Page-106), Preamble and Islamic Provisions (Page-114), The Amendment of the Constitution (Page-127), Indemnity Provision (Page-129), Miscellaneous (Page-131), Temporary and Transitional Provision (Page-134), Conclusion (Page-138).  aConstitution Commission Pakistan